Financovanie dlhodobého hmotného majetku dopravného prostriedku prostredníctvom leasingu

Zabezpečenie financovania majetku. Finančné riziko, transfer rizika na iné podnikateľské subjekty, a to konkrétne na leasing. Vybrané leasingové spoločnosti na Slovensku. Výber leasingovej spoločnosti.

Salvato in:
Dettagli Bibliografici
Autore principale: Slaninková, Jana
Altri autori: Krištanová, Anna
Natura: Capitolo di libro
Lingua:slovacco
Soggetti:
Tags: Aggiungi Tag
Nessun Tag, puoi essere il primo ad aggiungerne!!

MARC

LEADER 00000nla$a2200000$$$4500
001 0112722
005 20240502072243.4
041 0 |a slo 
044 |a SK 
245 1 0 |a Financovanie dlhodobého hmotného majetku dopravného prostriedku prostredníctvom leasingu  |c Jana Slaninková, Anna Krištanová 
520 |a Zabezpečenie financovania majetku. Finančné riziko, transfer rizika na iné podnikateľské subjekty, a to konkrétne na leasing. Vybrané leasingové spoločnosti na Slovensku. Výber leasingovej spoločnosti. 
610 2 0 |a prostriedky dopravné 
610 2 0 |a financovanie 
610 2 0 |a lízing 
610 2 0 |a spoločnosti lízingové 
610 2 0 |a Slovensko 
100 1 |a Slaninková, Jana 
700 1 |a Krištanová, Anna